| 000 | 00956nam a2200337 4500 | ||
|---|---|---|---|
| 001 | 4736259 | ||
| 003 | 000 | ||
| 005 | 20150211152816.0 | ||
| 007 | 000 | ||
| 008 | 000 | ||
| 010 | _a 84111642 | ||
| 020 |
_a0631130217 : _c£22.50 |
||
| 040 |
_aUOE L _cDLC _dDLC |
||
| 050 | 0 | 0 |
_aQP360 _b.S4 |
| 082 | 0 | 0 |
_a155.2 _219 |
| 100 | 1 | _aShotter, John. | |
| 245 | 1 | 0 |
_aSocial accountability and selfhood / _cJohn Shotter. |
| 260 |
_aOxford, England ; _aNew York, NY, USA : _bB. Blackwell, _c1984. |
||
| 300 |
_axii, 253 p. : _bill. ; _c24 cm. |
||
| 500 | _aSpine title: Social accountability & selfhood. | ||
| 500 | _aIncludes indexes. | ||
| 504 | _aBibliography: p. [232]-[245] | ||
| 650 | 0 | _aPersonality. | |
| 650 | 0 | _aSelf. | |
| 650 | 0 | _aResponsibility. | |
| 650 | 0 | _aSocial interaction. | |
| 650 | 0 |
_aPsychology _xPhilosophy. |
|
| 740 | 0 | _aSocial accountability & selfhood. | |
| 906 |
_a7 _bcbc _corignew _d3 _encip _f19 _gy-gencatlg |
||
| 942 |
_2lcc _cLL |
||
| 999 |
_c2018 _d2018 |
||